Imperialismo y universidades en América latina
I tiakina i:
| Kaituhi matua: | |
|---|---|
| Hōputu: | Pukapuka |
| Reo: | Pāniora |
| I whakaputaina: |
Montevideo
Biblioteca de Marcha
1970
|
| Rangatū: | Colección Los Premios, 4
|
| Ngā marau: | |
| Ngā Tūtohu: |
Tāpirihia he Tūtohu
Kāore He Tūtohu, Me noho koe te mea tuatahi ki te tūtohu i tēnei pūkete!
|
MARC
| LEADER | 00000nam a2200000 a 4500 | ||
|---|---|---|---|
| 001 | UCX7062 | ||
| 003 | CL-VaPUC | ||
| 008 | 930916e19700000UY |||||||||||||||||spa|d | ||
| 082 | 0 | 4 | |a 325.32 |b WSC |2 21 |
| 100 | 0 | |a Wschebor, Mario |e author |9 323817 | |
| 245 | 1 | 0 | |a Imperialismo y universidades en América latina |
| 300 | |a 116 p | ||
| 942 | |c BK | ||
| 945 | |d 19930916 00:00:00 | ||
| 260 | |a Montevideo |b Biblioteca de Marcha |c 1970 | ||
| 650 | 0 | |a Imperialismo |9 258264 | |
| 583 | |a last modification |c 19930916 00:00:00 |k Rodrigo Vera | ||
| 490 | 0 | |a Colección Los Premios, 4 | |
| 999 | |c 226981 |d 226979 | ||
| 952 | |0 0 |1 0 |4 0 |6 325_320000000000000_WSC_1970 |7 0 |8 A |9 225705 |a BIBHIS |b BIBHIS |d 2019-11-15 |i 2943352 |l 1 |o 325.32 WSC 1970 |p 2943352 |r 2025-05-06 |s 2025-04-23 |w 2019-11-15 |y BK |k HIS | ||